Pokemon without evolutions - Statistics

General Stats
  • This quiz has been taken 92 times
    60 since last reset
  • The average score is 68 of 88
Answer Stats
Hint Answer % Correct
Bug/Fighting Heracross
97%
Dragon Druddigon
91%
Water/Ice Lapras
91%
Fighting Sawk
91%
Steel/Flying Skarmory
91%
Normal Tauros
91%
Rock/Flying Aerodactyl
88%
Ice Cryogonal
88%
Bug Illumise
88%
Electric Minun
88%
Bug Pinsir
88%
Electric Plusle
88%
Electric/Ghost Rotom
88%
Dark/Ghost Sableye
88%
Bug/Rock Shuckle
88%
Fighting Throh
88%
Bug Volbeat
88%
Water Alomomola
84%
Normal Castform
84%
Electric/Fairy Dedenne
84%
Ice/Flying Delibird
84%
Normal Ditto
84%
Electric/Flying Emolga
84%
Normal Kangaskhan
84%
Rock/Psychic Lunatone
84%
Water Luvdisc
84%
Normal Miltank
84%
Water/Rock Relicanth
84%
Rock/Psychic Solrock
84%
Steel/Fairy Mawile
81%
Psychic/Flying Sigilyph
81%
Ghost/Dark Spiritomb
81%
Ground/Electric Stunfisk
81%
Grass/Flying Tropius
81%
Normal Bouffalant
78%
Bug/Steel Durant
78%
Fighting/Flying Hawlucha
78%
Fire Heatmor
78%
Steel/Fairy Klefki
78%
Grass Maractus
78%
Rock/Flying Minior
78%
Electric Pachirisu
78%
Normal Smeargle
78%
Normal Spinda
78%
Fire Torkoal
78%
Dark Absol
75%
Rock/Fairy Carbink
75%
Normal/Dragon Drampa
75%
Normal Kecleon
75%
Ghost/Fairy Mimikyu
75%
Poison Seviper
75%
Electric/Steel Togedemaru
75%
Water/Ice Arctovish
72%
Electric/Ice Arctozolt
72%
Flying/Dark Bombirdier
72%
Water/Psychic Bruxish
72%
Grass Carnivine
72%
Normal/Flying Chatot
72%
Fairy Comfey
72%
Ghost/Grass Dhelmise
72%
Water Dondozo
72%
Water/Dragon Dracovish
72%
Electric/Dragon Dracozolt
72%
Ice Eiscue
72%
Flying/Fighting Flamigo
72%
Fighting Passimian
72%
Normal/Flying Squawkabilly
72%
Fire/Dragon Turtonator
72%
Normal Zangoose
72%
Normal Audino
69%
Flying/Water Cramorant
69%
Dragon/Normal Cyclizar
69%
Psychic/Normal Indeedee
69%
Electric/Dark Morpeko
69%
Normal/Psychic Oranguru
69%
Fire/Flying Oricorio
69%
Water Pyukumuku
69%
Dragon/Water Tatsugiri
69%
Water Wishiwashi
69%
Fighting Falinks
66%
Normal Furfrou
66%
Rock Klawf
66%
Rock Stonjourner
66%
Psychic Unown
66%
Water/Psychic Veluza
63%
Normal Komala
59%
Steel Orthworm
59%
Electric Pincurchin
59%
No matching quizzes found
Score Distribution
Percent of People with Each Score
Percentile by Number Answered
Your Score History
You have not taken this quiz since the last reset